000
00326 a2200121 4500
000
nam a22 7a 4500
005
20260428170041.0
020
_a
9789359446134
100
_a
Moti Lal Pandit
_9
857253
245
_a
The Tantric and Philosophical Aspects of Kashmir Saivism
260
_b
Dev Publishers
_c
2025
942
_c
TEXL
999
_c
1848619
_d
1848619